000 00620nam a2200217 b 4500
001 bimo0000541657
003 OSt
005 20140222113904.0
008 961212s1996 esp spa
020 _a84-288-1318-3
040 _aSpMaBN
_bspa
_cBMC
_erdc
082 _a200.1
245 0 3 _aLa religión
_cJacques Derrida y Gianni Vattimo (eds.) ; Eugenio Trías
260 0 _aMadrid
_bPPC
_c1996
300 _a293 p.
_c21 cm
650 2 4 _aReligión y filosofía
_91387
700 1 _aDerrida, Jacques
_910645
700 1 _aVattimo, Gianni
_910646
700 1 _910652
_aTrías, Eugenio
_d1942-2013‏
942 _2ddc
_cBK
999 _c4993
_d4993